[Event "39 Open Sevilla 2014"]
[Site "Sevilla (SPAIN)"]
[Date "2014.01.12"]
[Round "3.1"]
[White "MCMAHON, Daire"]
[Black "TUROV, Maxim"]
[Result "0-1"]
[WhiteElo "2157"]
[BlackElo "2586"]
[Annotator "Montecatine,R"]
[PlyCount "59"]
[EventDate "2014.01.10"]

1. d4 Nf6 2. c4 e6 3. Nc3 Bb4 4. e3 O-O 5. Nge2 d5 6. a3 Bd6 7. c5 Be7 8. Nf4
b6 9. b4 c6 10. Nd3 Ba6 11. Be2 Qc8 12. O-O Nbd7 13. f4 Ne8 14. Bd2 Bc4 15. Qc2
(15. e4) 15... Nc7 16. Rfe1 (16. e4) 16... f6 17. a4 (17. e4) 17... e5 18. fxe5
(18. f5 $5) 18... fxe5 19. dxe5 (19. cxb6 axb6 20. dxe5 Bxd3 21. Bxd3 Nxe5 22.
Bxh7+ Kh8 23. Rf1 Bxb4 $11) 19... bxc5 20. bxc5 Qe8 21. Rab1 a5 (21... Qg6 $15)
22. Rb7 Ne6 {Diagrama #} 23. Bg4 $2 Nexc5 $19 24. Nxc5 Nxc5 25. Rc7 Bd8 26. Rc8
Rxc8 27. Bxc8 Qxe5 28. Bg4 Bc7 29. g3 Qg5 30. Qd1 (30. Qd1 $19 h5 31. Bh3 Bxg3
32. hxg3 Qxg3+ 33. Bg2 Rf2) 0-1

[Event "39 Open Sevilla 2014"]
[Site "Sevilla (SPAIN)"]
[Date "2014.01.12"]
[Round "3.3"]
[White "GOMEZ REBOLLO, Alfonso Carlos"]
[Black "MATAMOROS FRANCO, Carlos S"]
[Result "0-1"]
[WhiteElo "2150"]
[BlackElo "2531"]
[Annotator "Montecatine,R"]
[PlyCount "116"]
[EventDate "2014.01.10"]

1. e4 e6 2. d4 d5 3. Nd2 Nc6 4. Ngf3 Nf6 5. e5 Nd7 6. c3 f6 7. Bb5 fxe5 8. dxe5
Be7 9. Nd4 Ndxe5 10. f4 a6 11. Qh5+ Kd7 12. Bxc6+ Nxc6 13. N2f3 Bf6 14. Be3 Qe8
15. Qh3 b6 16. b4 (16. O-O-O) 16... Nxd4 17. Bxd4 Kc6 18. Ne5+ Kb7 19. O-O a5
20. a4 axb4 21. cxb4 Bd7 22. b5 Qe7 23. Rfc1 Rhc8 24. Qe3 Bxe5 25. Bxe5 Qb4 26.
Rcb1 Qc4 27. Rc1 Qb4 28. Rcb1 Qc4 29. Rc1 Qe4 30. Qb3 (30. Qxe4 dxe4 31. Bxg7
c6) 30... g5 31. Re1 Qf5 32. Qb4 gxf4 33. a5 $6 (33. Bxf4) 33... bxa5 (33... f3
34. a6+ Ka7 35. Bg3 Rg8 $17) 34. Rxa5 $2 (34. Qe7 f3 35. Bg3 e5) 34... f3 {
Diagrama #} 35. gxf3 Qxf3 $19 36. Rxa8 Rxa8 37. Qc5 Rg8+ 38. Bg3 Rxg3+ 39. hxg3
Qxg3+ 40. Kf1 Qf3+ 41. Kg1 Qg3+ 42. Kf1 Qd6 43. Qxd6 cxd6 44. Re3 Kb6 45. Rb3
e5 46. Kg2 h5 47. Rg3 Bxb5 48. Rg6 Kc5 49. Rh6 d4 50. Rxh5 Kc4 51. Rh6 d5 52.
Rh8 e4 53. Rc8+ Kd3 54. Rc1 e3 55. Rd1+ Ke4 56. Rb1 Bc4 57. Rb8 d3 58. Re8+ Kd4
0-1

[Event "39 Open Sevilla 2014"]
[Site "Sevilla (SPAIN)"]
[Date "2014.01.12"]
[Round "3.4"]
[White "NARCISO DUBLAN, Marc"]
[Black "MONCAYO ROMERO, Evelyn"]
[Result "1-0"]
[WhiteElo "2521"]
[BlackElo "2144"]
[Annotator "Montecatine,R"]
[PlyCount "103"]
[EventDate "2014.01.10"]

1. d4 Nf6 2. c4 c5 3. d5 e6 4. Nc3 exd5 5. cxd5 d6 6. e4 g6 7. Nge2 Bg7 8. Ng3
O-O 9. Be2 a6 10. a4 Re8 11. O-O h5 12. f3 h4 13. Nh1 Nh5 14. Be3 f5 15. Qd2 f4
(15... Qf6) 16. Bxf4 Nxf4 17. Qxf4 $16 Rf8 18. Qd2 g5 19. Nf2 Nd7 20. a5 Ne5
21. Na4 h3 22. Nb6 hxg2 23. Kxg2 Rb8 24. Rg1 Qf6 25. Kh1 Nxf3 26. Bxf3 Qxf3+
27. Rg2 {Diagrama #} Rf4 $2 (27... Qf4 28. Qxf4 Rxf4 29. Nc4 $14) 28. Ra3 $18
Qh5 29. Rag3 Rxf2 30. Rxf2 Bg4 31. Nc4 Bd4 {Diagrama #} 32. Rf5 $2 (32. Rfg2
Rf8 33. Rxg4 Rf1+ 34. Rg1 Rxg1+ 35. Rxg1 Bxg1 36. Kxg1 $18) 32... Bxf5 33.
Rxg5+ Bg6 34. Rxh5 Bxe4+ 35. Qg2+ Bxg2+ 36. Kxg2 $14 Kg7 37. Rh3 Rd8 38. Rb3
Rd7 39. Kf3 Kf6 40. Ke4 Re7+ 41. Kd3 Rh7 42. h4 Be5 43. h5 {Diagrama #} Kg5 $2
(43... Rxh5 44. Rxb7 Rh3+ 45. Kc2 Rh2+ 46. Kb3 Rh3+ 47. Ka4 Rh4 $11 48. Kb3 (
48. b3 Rh1)) 44. Nxe5 $18 dxe5 45. Ke4 Rxh5 46. Kxe5 Kg4+ 47. Ke6 Rh6+ 48. Kd7
Kf5 49. Rxb7 Ke5 50. Rb6 Rh7+ 51. Kc6 c4 52. d6 1-0

[Event "39 Open Sevilla 2014"]
[Site "Sevilla (SPAIN)"]
[Date "2014.01.12"]
[Round "3.5"]
[White "FERRER GARCIA, Isaac"]
[Black "CAMPORA, Daniel H"]
[Result "0-1"]
[WhiteElo "2144"]
[BlackElo "2460"]
[Annotator "Montecatine,R"]
[PlyCount "90"]
[EventDate "2014.01.10"]

1. d4 Nf6 2. Nf3 d5 3. c3 Bf5 4. Qb3 Qc8 5. Bf4 e6 6. e3 Be7 7. Be2 O-O 8. O-O
Nbd7 9. c4 dxc4 10. Bxc4 c6 11. Nc3 Nb6 12. Be2 Nbd5 13. Bg3 Nxc3 14. Qxc3 Ne4
15. Qa5 Nxg3 16. hxg3 Rd8 17. Rac1 Qb8 18. Qc3 a5 19. a3 Qa7 20. Rfd1 Qb6 21.
Ne5 a4 22. Bd3 Bxd3 23. Rxd3 Qb5 24. Rd2 h6 25. Nd3 Rd5 26. Rdc2 Qb6 27. Qd2
Rad8 28. Qe2 Qa7 29. Rc4 Ra5 30. R1c3 Bf8 31. Rc1 Bd6 32. Nc5 e5 33. Ne4 Bc7
34. dxe5 Bxe5 35. Nc5 (35. Qc2) 35... Rd5 (35... Rb5) 36. Qc2 (36. Nd3 Bf6 37.
e4 Rdb5 38. Rd1) 36... g6 (36... Bxb2 $17) 37. Nxa4 b5 38. Rxc6 bxa4 {
Diagrama #} 39. Rc8+ $2 (39. Rxg6+ Bg7 40. Rc6 $15) 39... Kh7 $19 40. Qc6 Qd7
41. Qb6 Rab5 42. Qa6 Bxg3 43. Qxa4 Bxf2+ 44. Kf1 Bxe3 45. Qa8 Qf5+ 0-1

[Event "39 Open Sevilla 2014"]
[Site "Sevilla (SPAIN)"]
[Date "2014.01.12"]
[Round "3.7"]
[White "BALLON, Guenther"]
[Black "VAN DER WEIDE, Karel"]
[Result "0-1"]
[WhiteElo "2126"]
[BlackElo "2449"]
[Annotator "Montecatine,R"]
[PlyCount "60"]
[EventDate "2014.01.10"]

1. d4 Nf6 2. c4 g6 3. Nc3 Bg7 4. e4 d6 5. f3 O-O 6. Bg5 c5 7. d5 h6 8. Be3 e6
9. Qd2 exd5 10. cxd5 h5 11. Nge2 Nbd7 12. Nc1 Ne5 13. Be2 Nh7 14. O-O f5 15. f4
Ng4 16. Bxg4 hxg4 17. exf5 Bxf5 18. N1e2 Qd7 19. Rae1 b5 20. Ng3 Nf6 21. Bf2
Rae8 22. Rxe8 (22. a3 a5 23. Nxf5 gxf5 $15) 22... Rxe8 23. Re1 b4 24. Nd1 (24.
Rxe8+ Qxe8 25. Nd1) 24... Rxe1+ 25. Bxe1 Qe8 {Diagrama #} 26. Nxf5 (26. Bf2)
26... gxf5 $17 27. Bh4 Qe4 28. Bxf6 Bxf6 29. b3 Bd4+ 30. Kh1 Qxd5 0-1

[Event "39 Open Sevilla 2014"]
[Site "Sevilla (SPAIN)"]
[Date "2014.01.12"]
[Round "3.8"]
[White "TERAN ALVAREZ, Ismael"]
[Black "ROMERO SANCHEZ, Jesus"]
[Result "1-0"]
[WhiteElo "2412"]
[BlackElo "2121"]
[Annotator "Montecatine,R"]
[PlyCount "79"]
[EventDate "2014.01.10"]

1. e4 e5 2. Nf3 Nc6 3. Bb5 Nge7 4. c3 d6 5. d4 Bd7 6. Nbd2 Ng6 7. h4 Be7 8. g3
Bf6 9. d5 Nb8 10. Bd3 a5 11. Nc4 h6 12. Nh2 Nf8 13. Ng4 $14 Nh7 14. Qf3 Be7 15.
O-O h5 16. Nh2 Nf6 17. Qe2 Bh3 18. Re1 Nbd7 19. Nf3 Nc5 20. Bc2 a4 (20... O-O)
21. Ng5 Bg4 22. f3 Bd7 23. Be3 b6 24. b4 axb3 25. axb3 O-O 26. b4 Na4 27. Ra3
b5 (27... Bb5 28. Bd3 c6 29. dxc6 Bxc6 30. Rea1 $16) 28. Na5 Qe8 29. Bd3 $16 {
Diagrama #} Nb6 (29... Nh7 30. Nxh7 Kxh7) (29... g6) 30. Rea1 Rb8 31. Nb3 Nh7
32. Ra7 Bd8 33. Na5 Nxg5 34. hxg5 f6 35. Nc6 Bxc6 36. dxc6 Qxc6 37. Bxb5 Qxc3
38. g6 $18 Nc8 $6 (38... f5 39. exf5 Nd5 40. Bc4 $18) 39. Bc4+ Kh8 40. f4 1-0

[Event "39 Open Sevilla 2014"]
[Site "Sevilla (SPAIN)"]
[Date "2014.01.12"]
[Round "3.9"]
[White "FERNANDEZ RODRIGUEZ, Jose A"]
[Black "SIMONIAN, Tigran"]
[Result "0-1"]
[WhiteElo "2114"]
[BlackElo "2412"]
[Annotator "Montecatine,R"]
[PlyCount "100"]
[EventDate "2014.01.10"]

1. f4 d5 2. g3 c5 3. Nf3 Nc6 4. Bg2 Bg4 5. d3 e6 6. O-O Nf6 7. Nc3 Be7 8. h3
Bxf3 9. Bxf3 a6 10. e4 d4 11. Ne2 e5 12. g4 Nd7 13. a3 exf4 14. Nxf4 Nde5 15.
Nd5 Bd6 16. Bf4 Ng6 17. Bxd6 Qxd6 18. Qe1 O-O 19. Kg2 Nce7 20. Qg3 Ne5 $15 21.
Rae1 b5 22. g5 c4 23. Nxe7+ Qxe7 24. Be2 Rac8 25. Rf5 Rfe8 26. Ref1 a5 27. h4
a4 {Diagrama #} 28. R1f2 $2 (28. Qf2) 28... c3 $19 29. bxc3 Rxc3 30. Qf4 Ng6 (
30... Qc7 31. h5 g6 32. Rf6 Rxa3 $19) 31. Qg3 Rxc2 32. Rxb5 Qxa3 33. h5 Nf8 34.
Qf4 Qe7 35. Re5 Ne6 36. Qf5 g6 37. hxg6 hxg6 38. Qg4 Rxe2 39. Rxe2 Nf4+ 40.
Qxf4 Qxe5 41. Qh4 a3 42. Kf3 Ra8 43. Rh2 Ra5 44. Qf4 Qxf4+ 45. Kxf4 Kf8 46. e5
Ke7 47. Ke4 Ra4 48. Kf4 Kd7 49. Kf3 Kc6 50. Ke4 Kc5 0-1

[Event "39 Open Sevilla 2014"]
[Site "Sevilla (SPAIN)"]
[Date "2014.01.12"]
[Round "3.10"]
[White "POGORELOV, Ruslan"]
[Black "PLANAS GENE, Juan"]
[Result "1-0"]
[WhiteElo "2377"]
[BlackElo "2096"]
[Annotator "Montecatine,R"]
[PlyCount "57"]
[EventDate "2014.01.10"]

1. Nf3 d5 2. d4 Nf6 3. c4 c6 4. Nc3 e6 5. e3 Nbd7 6. Qc2 Bd6 7. Bd3 O-O 8. O-O
dxc4 9. Bxc4 e5 10. Bb3 Qc7 11. h3 a6 12. Bd2 b5 13. dxe5 Nxe5 14. Nxe5 Bxe5
15. f4 Bd6 16. e4 Be6 (16... c5) 17. e5 $14 Bc5+ 18. Kh1 {Diagrama #} Nd5 $2 (
18... Bxb3 19. axb3 Nd7 $16 (19... Nd5 20. Nxd5 cxd5 21. Rac1 Rfc8 22. Be3 $16)
) 19. Nxd5 cxd5 20. f5 Bd7 21. Bxd5 Rac8 22. e6 Be8 23. f6 gxf6 24. Bf4 Qe7 25.
Rae1 Qd8 26. Qf5 Bc6 27. Bb3 Kg7 28. Bc2 Rh8 29. Qg4+ 1-0

[Event "39 Open Sevilla 2014"]
[Site "Sevilla (SPAIN)"]
[Date "2014.01.12"]
[Round "3.11"]
[White "LOPEZ RODRIGUEZ, Fernando"]
[Black "MONTERO MELENDEZ, Rafael"]
[Result "0-1"]
[WhiteElo "2098"]
[BlackElo "2350"]
[Annotator "Montecatine,R"]
[PlyCount "88"]
[EventDate "2014.01.10"]

1. d4 Nf6 2. c4 c5 3. e3 g6 4. Nc3 Bg7 5. Nf3 O-O 6. Be2 b6 7. O-O d6 8. Re1 e6
9. a3 Bb7 10. Rb1 Ne4 11. Bd2 cxd4 12. exd4 d5 13. cxd5 Nxc3 14. bxc3 Bxd5 15.
c4 Be4 16. Rb3 Nc6 17. Be3 Na5 18. Rb4 Rc8 19. Ne5 f6 20. Ng4 (20. Nf3) 20...
Ba8 21. Qd3 (21. f3) 21... Nc6 {Diagrama #} 22. Rb3 $6 (22. Rb5) 22... f5 $19
23. Nh6+ (23. d5 exd5 24. cxd5 Na5 25. Rb4 fxg4 26. Bxg4 Rc3 $19) 23... Kh8 24.
Qd2 Nxd4 25. Rd3 e5 26. Bg5 Qc7 27. Rc1 Qc5 28. Bf1 f4 29. h4 e4 30. Rh3 Ne6
31. Qd7 Nxg5 32. hxg5 Qxg5 33. Nf7+ Rxf7 34. Qxf7 Rf8 35. Qxa7 f3 36. Qxb6 Qxc1
37. Qxg6 h6 38. g4 Kg8 39. Rh5 e3 40. Qe6+ Kh7 41. g5 exf2+ 42. Kh2 Qf4+ 43.
Kh1 Be4 44. gxh6 Be5 0-1

[Event "39 Open Sevilla 2014"]
[Site "Sevilla (SPAIN)"]
[Date "2014.01.12"]
[Round "3.12"]
[White "PADEIRO, Jose"]
[Black "BERMUDES BARRERA, Eduardo"]
[Result "1-0"]
[WhiteElo "2337"]
[BlackElo "2069"]
[Annotator "Montecatine,R"]
[PlyCount "113"]
[EventDate "2014.01.10"]

1. c4 g6 2. g3 Bg7 3. Bg2 c5 4. Nc3 Nc6 5. Nf3 Nf6 6. O-O O-O 7. d4 d6 8. d5
Na5 9. Nd2 Bd7 10. Qc2 a6 11. b3 b5 12. Bb2 bxc4 13. bxc4 Qc7 14. e4 Rab8 15.
Rab1 Bh6 16. f4 Rb6 17. Ba1 Rfb8 18. Rxb6 Rxb6 19. Nd1 Bg7 20. e5 {Diagrama #}
Bf5 (20... dxe5 21. Bxe5 Qc8 $14) 21. Qc3 Rb4 22. exf6 Bxf6 23. Qc1 Bxa1 24.
Qxa1 Nxc4 25. Nxc4 Rxc4 26. Ne3 Rd4 27. Nxf5 gxf5 28. Rd1 (28. Qc3) 28... Rb4 (
28... Rxd1+ 29. Qxd1 c4 30. Qc2 c3 31. Bf3 e6 $14) 29. Qc3 Qb6 30. h4 Rb1 31.
Rxb1 Qxb1+ 32. Kh2 Qxa2 33. Qd3 e6 34. dxe6 fxe6 35. Qxd6 Qc4 36. Qd8+ Kf7 37.
Qd7+ Kg8 38. Qe8+ Kg7 39. Qe7+ Kg8 40. h5 Qe2 41. Qg5+ Kf7 42. Qh6 Kg8 43. g4
fxg4 44. Qg5+ Kf7 45. h6 Qb2 46. Qh5+ Kf6 47. Qxg4 Ke7 48. Qg5+ Kf7 49. Qe5 Qb4
50. Qh5+ Ke7 51. Kg3 c4 52. Bf3 Qc3 53. Qe5 Qxe5 54. fxe5 a5 55. Be4 a4 56. Bb1
Kf7 57. Kf4 1-0

[Event "39 Open Sevilla 2014"]
[Site "Sevilla (SPAIN)"]
[Date "2014.01.12"]
[Round "3.13"]
[White "PEREIRA FIGUEROA, Manuel"]
[Black "LILLO CASTANY, Victor"]
[Result "0-1"]
[WhiteElo "2074"]
[BlackElo "2315"]
[Annotator "Montecatine,R"]
[PlyCount "86"]
[EventDate "2014.01.10"]

1. d4 Nf6 2. c4 g6 3. Nc3 d5 4. cxd5 Nxd5 5. e4 Nxc3 6. bxc3 Bg7 7. Nf3 c5 8.
Rb1 O-O 9. Be2 b6 10. O-O Qc7 11. Bg5 Nc6 12. Qd2 Bg4 13. d5 Ne5 14. Nxe5 Bxe2
{Diagrama #} 15. Qxe2 $6 (15. Nxg6 hxg6 16. Qxe2 Bxc3 17. Be3 $14) 15... Bxe5
16. f4 (16. Qe3 Bxh2+ 17. Kh1 Bd6 18. f4 $15) 16... Bxc3 17. e5 Bd4+ 18. Kh1
Rfe8 $17 19. Qc4 Qb7 20. Rfe1 Kg7 21. d6 exd6 22. Bf6+ Kg8 23. Qc1 Qd5 24. Qd2
Re6 25. f5 Rxf6 26. exf6 Qxf5 27. Rf1 Qh5 28. Rb3 Re8 29. Rbf3 h6 30. Re1 Rxe1+
31. Qxe1 Be5 32. h3 Qg5 33. Qf1 d5 34. Kg1 Bd4+ 35. Kh1 Be5 36. Kg1 c4 37. a4
c3 38. Qd3 Bxf6 39. Rf2 Kg7 40. Re2 Be5 41. Rf2 Bf6 42. Rc2 d4 43. Re2 Qf5 0-1

[Event "39 Open Sevilla 2014"]
[Site "Sevilla (SPAIN)"]
[Date "2014.01.12"]
[Round "3.14"]
[White "DIAZ CASTRO, Sergio"]
[Black "MORALES ARAUJO, Francisco Javier"]
[Result "1-0"]
[WhiteElo "2256"]
[BlackElo "2060"]
[Annotator "Montecatine,R"]
[PlyCount "35"]
[EventDate "2014.01.10"]

1. e4 e6 2. Nf3 d5 3. Nc3 Nf6 4. e5 Nfd7 5. d4 c5 6. dxc5 Nc6 7. Bf4 Bxc5 8.
Bd3 f6 9. exf6 Qxf6 10. Bg3 Nde5 $6 (10... O-O) 11. Nxe5 Nxe5 12. Qh5+ Ng6 13.
O-O (13. O-O-O) 13... Bd7 14. Rae1 $16 {Diagrama #} O-O-O $2 (14... Kd8) 15.
Ne4 $18 Qe7 (15... dxe4 16. Qxc5+ Bc6 17. Bxe4 Qd4 $18) 16. Nxc5 Qxc5 17. Bxg6
hxg6 18. Qe5 (18. Qe5 Bb5 19. Qb8+ Kd7 20. Qxb7+ Ke8 21. Rxe6+) 1-0

[Event "39 Open Sevilla 2014"]
[Site "Sevilla (SPAIN)"]
[Date "2014.01.12"]
[Round "3.15"]
[White "MORALES BARRERA, Raul"]
[Black "PRADOS MONTANO, Antonio"]
[Result "0-1"]
[WhiteElo "2053"]
[BlackElo "2240"]
[Annotator "Montecatine,R"]
[PlyCount "56"]
[EventDate "2014.01.10"]

1. d4 d5 2. c4 Nc6 3. cxd5 Qxd5 4. e3 e5 5. Nc3 Bb4 6. Bd2 Bxc3 7. bxc3 Nf6 8.
f3 e4 9. Qb3 Qd6 10. Qb1 Bf5 11. Ne2 Bg6 12. Nf4 exf3 13. Nxg6 f2+ 14. Kxf2
fxg6 15. Be2 O-O 16. Ke1 (16. Kg1) 16... Rae8 $15 17. Bf3 (17. Qxb7 Ne4 18. Qa6
Rf2 19. Bb5 Nxd4 20. cxd4 Qxa6 21. Bxa6 Rxd2 $15) 17... b6 18. Qb5 (18. Kd1)
18... Ne4 19. Bxe4 (19. Rf1 Rf5) 19... Rxe4 $17 20. Rf1 Ree8 (20... Rfe8) 21.
Rxf8+ Rxf8 22. Ke2 Qd7 {Diagrama #} 23. Qg5 $6 (23. Qc4+ Kh8 24. Rf1 $11) 23...
Rf5 24. Qg3 Qd5 $19 25. Re1 Qc4+ 26. Kd1 Rb5 27. Qg4 Rb1+ 28. Kc2 Nb4+ 0-1

[Event "39 Open Sevilla 2014"]
[Site "Sevilla (SPAIN)"]
[Date "2014.01.12"]
[Round "3.16"]
[White "GONZALEZ GALVAN, Juan Manuel"]
[Black "RAMIREZ GUERRERO, Enrique"]
[Result "1-0"]
[WhiteElo "2238"]
[BlackElo "2043"]
[Annotator "Montecatine,R"]
[PlyCount "71"]
[EventDate "2014.01.10"]

1. e4 e6 2. d4 d5 3. e5 c5 4. c3 Qb6 5. Nf3 Bd7 6. Bd3 cxd4 7. Nxd4 Nc6 8. Qe2
Nb4 9. O-O Nxd3 10. Qxd3 Ne7 11. Be3 Qc7 12. f4 a6 13. Nd2 Nc6 14. c4 Nb4 15.
Qb3 dxc4 16. Nxc4 b5 17. Nd2 Be7 18. Rac1 Qb7 19. f5 (19. a3) 19... Nd5 $6 (
19... Qd5 $11) 20. fxe6 fxe6 21. Ne4 Rc8 22. Rcd1 Qb8 23. Nd6+ (23. Nf5 $18)
23... Bxd6 24. exd6 Rc4 $2 (24... Qxd6 25. Nf5 exf5 26. Rxd5 Qe7 27. Re1 Rc4
$14) 25. Rde1 (25. Bg5 Qxd6 26. Qf3 $18) 25... Rf8 26. Nf5 Rf7 27. Qd3 g6 28.
Nh6 Rxf1+ 29. Qxf1 Qxd6 30. Qf7+ Kd8 31. Qxh7 Kc7 32. Bf2 $13 {Diagrama #} (32.
Nf7 $14) 32... Qe7 $2 (32... Nf4) 33. Qxg6 $16 Nf4 $2 (33... Qf6) 34. Qg3 $18
e5 35. b3 Rc1 36. Rxc1+ 1-0

[Event "39 Open Sevilla 2014"]
[Site "Sevilla (SPAIN)"]
[Date "2014.01.12"]
[Round "3.17"]
[White "CONGIU, Mathilde"]
[Black "MORAIS, Vitor"]
[Result "1-0"]
[WhiteElo "2226"]
[BlackElo "2035"]
[Annotator "Montecatine,R"]
[PlyCount "103"]
[EventDate "2014.01.10"]

1. e4 e6 2. d4 d5 3. Nd2 Nf6 4. e5 Nfd7 5. Bd3 c5 6. c3 Nc6 7. Ngf3 Qb6 8. O-O
cxd4 9. cxd4 Nxd4 10. Nxd4 Qxd4 11. Nf3 Qb6 12. Qa4 Qb4 13. Qc2 Qc5 14. Qe2 Qb6
15. h4 h6 16. Bf4 a6 17. Rac1 Be7 18. Rc3 Qd8 19. Rfc1 b6 20. Nd4 Bc5 21. Nxe6
fxe6 22. Qg4 Qe7 23. b4 {Diagrama #} Rf8 $2 (23... d4 24. Rc4 Bb7 25. bxc5 bxc5
$14) 24. Bg6+ Kd8 25. bxc5 bxc5 26. R3c2 Bb7 27. Qg3 Bc6 28. Bd2 Rb8 29. f4 Bb5
30. Ba5+ Kc8 31. Qa3 Kb7 32. Rxc5 $2 (32. g3) 32... Nxc5 33. Rxc5 Ka8 $17 34.
Bb4 (34. g3) 34... Qa7 (34... Rxf4 35. Rxb5 Rxb4 $19) 35. Bd2 Rfc8 36. Be3 Rxc5
37. Bxc5 Qd7 $15 38. Qf3 Rc8 39. Qf2 Qc6 40. Be3 Bc4 41. Qd2 Qb7 42. Kh2 Rb8
43. f5 exf5 44. Bxf5 Qe7 45. Qd4 Bxa2 46. e6 Rb4 47. Qc5 {Diagrama #} Qb7 $4 (
47... Qxc5 48. Bxc5 Rb8 49. e7 Bc4 50. Bg6 Bb5 $15) 48. e7 Qb8+ 49. Kg1 Rb1+
50. Bxb1 Qxb1+ 51. Qc1 Qb8 52. Qc6+ 1-0

[Event "39 Open Sevilla 2014"]
[Site "Sevilla (SPAIN)"]
[Date "2014.01.12"]
[Round "3.19"]
[White "LILLO FERRER, Jose Maria M"]
[Black "VALENTI, Giuseppe"]
[Result "1/2-1/2"]
[WhiteElo "2047"]
[BlackElo "2172"]
[Annotator "Montecatine,R"]
[PlyCount "68"]
[EventDate "2014.01.10"]

1. e4 c5 2. d3 e6 3. f4 d6 4. Nf3 g6 5. g3 Bg7 6. Bg2 Nc6 7. O-O Nge7 8. c3 O-O
9. Be3 b6 10. Re1 Rb8 11. Bf2 h6 12. d4 Qd7 13. e5 cxd4 14. cxd4 d5 15. Nc3 b5
16. Bf1 a6 17. Re2 Qa7 18. Rc1 Bd7 19. g4 Rfc8 20. Rec2 Na5 21. Ne1 b4 22. Ne2
(22. Na4) 22... Rxc2 23. Qxc2 Rc8 24. Qd1 Bb5 25. b3 Nac6 26. Nd3 a5 27. Nc5
Nb8 28. Ng3 Bxf1 29. Qxf1 Nd7 30. Na4 Qb7 31. Be3 f5 32. h3 Rxc1 33. Qxc1 Qc6
34. Qxc6 Nxc6 {Diagrama #} 1/2-1/2

[Event "39 Open Sevilla 2014"]
[Site "Sevilla (SPAIN)"]
[Date "2014.01.12"]
[Round "3.20"]
[White "GUERREIRO, Nuno"]
[Black "MACHLIK, Monika"]
[Result "1-0"]
[WhiteElo "2161"]
[BlackElo "1941"]
[Annotator "Montecatine,R"]
[PlyCount "114"]
[EventDate "2014.01.10"]

1. Nf3 d5 2. g3 c6 3. Bg2 Nf6 4. O-O Bf5 5. d3 h6 6. Nbd2 e6 7. Qe1 Be7 8. e4
Bh7 9. Qe2 O-O 10. a4 a5 11. c3 Na6 12. Ne5 Nd7 13. Nef3 Ndc5 14. Rd1 Nc7 15.
Ne1 Qd7 16. f4 Rfd8 17. d4 Nxe4 18. Nxe4 Bxe4 19. Bxe4 dxe4 20. Qxe4 Qd5 21.
Qe2 c5 22. Be3 c4 23. Nf3 Ne8 24. Ne5 Nf6 (24... Rac8) 25. Rf1 (25. Qxc4) 25...
b5 26. axb5 Qxb5 27. Qg2 Ra6 28. g4 Rb8 29. Rf2 Qb7 30. Qh3 Ne4 31. Rg2 Qd5 32.
Ra4 Nd6 33. Qf3 Qxf3 34. Nxf3 Bd8 35. Bc1 Rc8 36. Re2 Bb6 37. h3 Rc7 38. Re5
Kf8 39. Kg2 Re7 40. Nd2 Rc7 41. h4 Ra8 42. h5 Ke7 43. f5 Kd7 44. fxe6+ fxe6 45.
Nf3 $16 Rf8 46. Re2 {Diagrama #} Nf7 (46... Rf6) 47. Bf4 Rcc8 48. Nd2 Ra8 49.
Nxc4 Bd8 50. b4 Rc8 51. bxa5 Ng5 52. Bxg5 hxg5 53. Rf2 Rxf2+ 54. Kxf2 Bc7 55.
Nb6+ Bxb6 56. axb6 Rxc3 57. Ra7+ Kc6 1-0

[Event "38 Open Sevilla 2014"]
[Site "Sevilla (SPAIN)"]
[Date "2014.01.13"]
[Round "4.4"]
[White "MONTERO MELENDEZ, Rafael"]
[Black "NARCISO DUBLAN, Marc"]
[Result "0-1"]
[WhiteElo "2350"]
[BlackElo "2521"]
[Annotator "Montecatine,R"]
[PlyCount "46"]
[EventDate "2014.01.10"]

{El tema de la captura del peón envenenado de b7 marca la partida. La Dama
quedó atrapada y la partida decidida.} 1. c4 f5 2. g3 Nf6 3. Bg2 e6 4. Nc3 Bb4
5. Qc2 O-O 6. e3 c6 7. Nge2 d5 8. cxd5 cxd5 9. O-O Nc6 10. d4 Bd7 11. Nf4 Rc8
12. Qb3 $6 (12. Bd2 Bd6 13. Rfc1 $11) 12... Bd6 {Diagrama #} 13. Qxb7 $2 (13.
Bd2 Na5 14. Qc2 b5 $15) 13... Nb4 $17 14. a3 (14. Qxa7 $2 Ra8 15. Qb7 Qa5 $19)
14... Rc7 15. Nxe6 (15. Qxc7 Qxc7 16. axb4 Bxb4 17. Bd2 $17) 15... Bxe6 16. Qb5
Nc2 17. Ra2 Nxa3 $19 18. Qd3 Qc8 19. Bd2 Nc4 20. Nb5 Rb7 21. Nxa7 Qd7 22. Rfa1
Nxd2 23. Qxd2 Ra8 0-1

[Event "38 Open Sevilla 2014"]
[Site "Sevilla (SPAIN)"]
[Date "2014.01.13"]
[Round "4.5"]
[White "CAMPORA, Daniel H"]
[Black "DIAZ CASTRO, Sergio"]
[Result "1-0"]
[WhiteElo "2460"]
[BlackElo "2256"]
[Annotator "Montecatine,R"]
[PlyCount "43"]
[EventDate "2014.01.10"]

{El intento de sorprender al GM en la apertura terminó en fracaso} 1. e4 e5 2.
Nf3 Nc6 3. Bb5 f5 {La defensa Schlieman ?buscando sorprender al maestro?} 4. d3
{Es más practicada 4.Cc3. Tal vez más sólida y menos proclive a sorpresas 4.d3}
fxe4 5. dxe4 Nf6 6. O-O Bc5 7. Nc3 d6 8. Bg5 h6 ({lo usual es} 8... O-O 9. Nd5
Kh8 10. c3 {y no ofrece malas estadísticas para el negro}) 9. Bxf6 Qxf6 10. Nd5
Qd8 11. b4 Bb6 12. a4 $16 {poniendo en problemas al Ab6} a6 13. Bc4 ({
podía jugarse} 13. Nxb6 cxb6 14. Bxc6+ bxc6 15. Qd3 {
y d6 está perdido, pero la ventaja es muy clara para conformarse con un final})
13... Ba7 (13... Bg4) 14. b5 {Diagrama #} Ne7 $6 ({tampoco salva} 14... Na5 15.
Nxe5 $1 dxe5 16. Qh5+ Kf8 17. Ra3 $18) 15. Nxe5 dxe5 16. Qh5+ Kd7 (16... g6 17.
Qxe5 Rf8 18. Nxc7+ $18) 17. Qxe5 c6 {se podía abandonar} 18. Nf4 ({
el módulo dice que es más corto} 18. Nxe7 Qxe7 19. Rfd1+ Ke8 20. Qh5+ Kf8 21.
Rd8+) 18... Qf8 19. Rad1+ Ke8 20. Qh5+ g6 21. Nxg6 Bg4 22. Qxg4 1-0

[Event "38 Open Sevilla 2014"]
[Site "Sevilla (SPAIN)"]
[Date "2014.01.13"]
[Round "4.8"]
[White "CONGIU, Mathilde"]
[Black "TERAN ALVAREZ, Ismael"]
[Result "1/2-1/2"]
[WhiteElo "2226"]
[BlackElo "2412"]
[Annotator "Montecatine,R"]
[PlyCount "36"]
[EventDate "2014.01.10"]

{Como se ve por las sugerencias de los módulos, no jugó fino Ismael entre las
jugadas 12 y 16 y ello culminó con un error en la 17 que casi le cuesta la
partida. Tal vez por eso ofreció tablas en la 18.} 1. e4 e5 2. Bc4 Nf6 3. d3 c6
4. Nf3 d5 5. exd5 cxd5 6. Bb5+ Bd7 7. Bxd7+ Nbxd7 8. O-O Bd6 9. Nc3 O-O 10. Bg5
Qb6 $15 ({también} 10... h6 11. Bh4 (11. Nb5 Bb8) 11... Qb6) 11. Rb1 Rac8 12.
Re1 d4 (12... Rfe8) 13. Ne2 Nd5 (13... Rfe8 $15) 14. c4 $11 dxc3 15. bxc3 Qc6 (
15... Qa6) 16. c4 Ne7 (16... N5f6) 17. Nc3 (17. Ned4 $5 exd4 18. Bxe7 Bxe7 19.
Rxe7 Nc5 20. Qe2 $11) 17... Bc5 $6 {Diagrama #} (17... f6 18. Be3 b6) 18. Be3
$6 (18. d4 exd4 19. Bxe7 dxc3 20. Bxf8 Bxf8 21. Re3 $16) (18. Bxe7 Bxe7 19.
Nxe5 Nxe5 20. Rxe5 $16) 18... Bxe3 (18... Bxe3 19. fxe3) 1/2-1/2